Incremento rentabilidad de la producción industrial CCSS por medio de la creación de un parque industrial productor de insumos para la seguridad social: anteproyecto /

Guardado en:
Bibliografiske detaljer
Hovedforfatter: De Ford Atmetlla, Douglas
Andre forfattere: Lizano Sáenz, Miguel
Format: Texto
Udgivet: San José: CCSS. Departamento de Producción Industrial
Tags: Tilføj Tag
Ingen Tags, Vær først til at tagge denne postø!

MARC

LEADER 00000 a a2200000 04500
001 13946
003
040
090 |a 024200  
100 |a De Ford Atmetlla, Douglas  
245 |a Incremento rentabilidad de la producción industrial CCSS por medio de la creación de un parque industrial productor de insumos para la seguridad social: anteproyecto /  |c Douglas De Ford Atmetlla 
260 |a San José:   |b CCSS. Departamento de Producción Industrial  
300 |a 8, 191 p.  
700 |a Lizano Sáenz, Miguel  
999 |c 12368  |d 12368